Normal view
MARC view
- Mathew, L .
Entry Personal Name
001 - CONTROL NUMBER
- control field: 3074
003 - CONTROL NUMBER IDENTIFIER
- control field: OSt
005 - DATE AND TIME OF LATEST TRANSACTION
- control field: 20180503114035.0
008 - FIXED-LENGTH DATA ELEMENTS
- fixed length control field: 180503|| aca||aabn | a|a d
040 ## - CATALOGING SOURCE
- Original cataloging agency: OSt
- Transcribing agency: OSt
100 ## - HEADING--PERSONAL NAME
- Personal name: Mathew, L .
670 ## - SOURCE DATA FOUND
- Source citation: Work cat.: (OSt): Peter, K V. 305, Fruit crops / , 2007.
